[Event "Istanbul Bagcilar op"]
[Site "Istanbul"]
[Date "2023.09.04"]
[Round "2"]
[White "Uztetik, Ahmet Oguzhan"]
[Black "Karayayla, Doruk"]
[Result "1-0"]
[WhiteElo "1335"]
[BlackElo "1263"]
[PlyCount "91"]
[EventDate "2023.09.03"]
[EventType "swiss"]
[EventRounds "9"]
[EventCountry "TUR"]
[SourceTitle "EXT 2024"]
[Source "ChessBase"]
[SourceDate "2023.10.10"]
[SourceVersion "1"]
[SourceVersionDate "2023.10.10"]
[SourceQuality "1"]

1. e4 c5 2. Nf3 a6 3. d4 cxd4 4. Nxd4 Nf6 5. Nc3 e5 6. Nf3 Bb4 7. Bd2 Nc6 8. Bd3 d5 9. exd5 Nxd5 10. Nxd5 Qxd5 11. Qe2 Bxd2+ 12. Nxd2 Nd4 13. Qe4 Be6 14. c3 Nc6 15. Qxd5 Bxd5 16. Be4 Rd8 17. 0-0-0 0-0 18. Bxd5 Rxd5 19. Ne4 Rfd8 20. Rxd5 Rxd5 21. Rd1 Rxd1+ 22. Kxd1 b6 23. c4 Kf8 24. Nc3 f5 25. Kd2 Kf7 26. Nd5 b5 27. Nc7 bxc4 28. Nxa6 e4 29. Kc3 Ne5 30. Nc5 Ng4 31. a4 Ke7 32. a5 Ne5 33. a6 Nc6 34. Kxc4 Kd6 35. b4 Kc7 36. b5 Na7 37. Na4 Nc8 38. Kc5 f4 39. Nc3 f3 40. gxf3 exf3 41. Nd5+ Kb8 42. b6 g5 43. Nb4 Nxb6 44. Kxb6 h5 45. a7+ Ka8 46. Nd5 1-0